00915 a2200157 45000010006000000050017000060080041000230030015000640400040000790800140001192450089002592640028003483000019003765050337003951000025007325383520260407155809.0260407a1964 arg spa dAR-UNSa-BCEJYS aAR-UNSa-BCEJYSbspacAR-UNSa-BCEJYS a338.2(8)xPolítica económica. Control de la economía. gestión de la economía. planificación económica en América Latina10aEstudios sobre política económica en America Latinap(en ruta hacia el progreso) 1aMadrid :bAguilarc1964 a350 p.c21 cm. aI. Tres problemas en tres países - 1. El nordeste del Brasil - 2. La tenencia de la tierra y la reforma agraria en Colombia - 3. La inflación en Chile - II. Solución de problemas y fragua de la reforma - 4 . Solución de problemas y formulación de política: ¿Existe un estilo latinoamericano? - 5. La trama de la reforma1 aHirschman, Albert O.